Dryden

Guardado en:
Bibliografiske detaljer
Hovedforfatter: Wilbur, Richard
Format: Bog
Sprog:Undetermined
Udgivet: New York, Estados Unidos Dell Publishing Co. 1962
Fag:
Tags: Tilføj Tag
Ingen Tags, Vær først til at tagge denne postø!

MARC

LEADER 00000nam a2200000Ia 4500
008 170316s9999 xx 000 0 und d
040 |a cru BVZT 
090 |a 820 W-7d 
100 |a Wilbur, Richard 
245 |a Dryden 
260 |a New York, Estados Unidos 
260 |b Dell Publishing Co. 
260 |c 1962 
300 |a 160 páginas 
650 |a LITERATURA INGLESA 
999 |c 7263  |d 7263 
942 |c 15 D  |h 820 W-7d  |2 z